| 000 | 01021nam a22002537a 4500 | ||
|---|---|---|---|
| 001 | BD-DhSAU 7469 | ||
| 003 | BD-DhSAU | ||
| 005 | 20230711112754.0 | ||
| 008 | 150422b2006 bg ||||| m||m 00| 0 eng d | ||
| 040 | _aBD-DhSAU | ||
| 082 |
_222 _a581 _bAk79 |
||
| 100 |
_aAKTAR, MST. RASHIDA _eRegistration No. # 19-10354 |
||
| 245 |
_aEffect of fertilizer doses on morphological and yield performance of mustard varieties / _bMS thesis |
||
| 260 |
_aSher-e- Bangla Agricultural University: _bDepartment of Agriculture Botany, _c2021. |
||
| 300 |
_axi, 61p.: _b30 cm. |
||
| 500 | _aMS thesis of Department of Agriculture Botany, Faculty of Agriculture , Sher-e-Bangla Agricultural University, Dhaka, Bangladesh | ||
| 590 | _aNamul | ||
| 650 | _amorphological | ||
| 651 | _amustard varieties | ||
| 700 |
_aProf. Dr. Nasima Akhter _eSuperviser |
||
| 700 |
_aProf. Dr. Kamrun Nahar _eCo-Superviser |
||
| 856 | _uhttp://archive.saulibrary.edu.bd:8080/xmlui/handle/123456789/4918 | ||
| 942 |
_2ddc _cTHESIS |
||
| 999 |
_c16905 _d16904 |
||